Key concepts in the Philosophy of education: (Record no. 3780)

MARC details
000 -LEADER
fixed length control field 00546nam a22001937a 4500
003 - CONTROL NUMBER IDENTIFIER
control field OSt
005 - DATE AND TIME OF LATEST TRANSACTION
control field 20160426161702.0
008 - FIXED-LENGTH DATA ELEMENTS--GENERAL INFORMATION
fixed length control field 160426b xxu||||| |||| 00| 0 eng d
020 ## - INTERNATIONAL STANDARD BOOK NUMBER
International Standard Book Number 0415173043
040 ## - CATALOGING SOURCE
Transcribing agency DDC.
082 ## - DEWEY DECIMAL CLASSIFICATION NUMBER
Classification number 370.1WIN 1999.
100 ## - MAIN ENTRY--PERSONAL NAME
Personal name Winch,Christopher;Gingell,John;
9 (RLIN) 8321
245 ## - TITLE STATEMENT
Title Key concepts in the Philosophy of education:
260 ## - PUBLICATION, DISTRIBUTION, ETC. (IMPRINT)
Place of publication, distribution, etc. London,New York.
Name of publisher, distributor, etc. Routledge;
Date of publication, distribution, etc. 1999.
300 ## - PHYSICAL DESCRIPTION
Extent xiii,282p;
Other physical details ill;
Dimensions 18cm.
504 ## - BIBLIOGRAPHY, ETC. NOTE
Bibliography, etc includes index and Bibliography.
650 ## - SUBJECT ADDED ENTRY--TOPICAL TERM
Topical term or geographic name as entry element Education.
9 (RLIN) 1404
942 ## - ADDED ENTRY ELEMENTS (KOHA)
Source of classification or shelving scheme Dewey Decimal Classification
Koha item type Short Loan
Holdings
Withdrawn status Lost status Source of classification or shelving scheme Damaged status Not for loan Home library Current library Date acquired Source of acquisition Inventory number Total Checkouts Full call number Barcode Date last seen Price effective from Koha item type
    Dewey Decimal Classification     MUST Main Library MUST Main Library 26/04/2016   2001/15878   370.1WIN 1999. 2016-1406 26/04/2016 26/04/2016 Short Loan